000 00337nam a2200133Ia 4500
008 220216s9999 xx 000 0 und d
100 _aPecquet C
245 0 _aAllergic contact dermatitis to rubber
260 _bClinical Reviews in Allergy
_c1993
300 _a413-419
500 _aSource Year: 1995
856 _uirrdb
942 _cJS
999 _c54048
_d54048